The Killers Charting Songs (Billboard Hot 100) - Statistics

General Stats
  • This quiz has been taken 41 times
  • The average score is 6 of 11
Answer Stats
Album Weeks On Peak Artist(s) Song % Correct
Hot Fuss 38 Weeks #10 The Killers Mr Brightside
97%
Hot Fuss 20 Weeks #51 The Killers Somebody Told Me
88%
Day & Age 20 Weeks #32 The Killers Human
85%
Sam's Town 20 Weeks #14 The Killers When You Were Young
68%
Day & Age 1 Week #67 The Killers Spaceman
59%
Hot Fuss 14 Weeks #74 The Killers All These Things That I've Done
50%
Sam's Town 14 Weeks #62 The Killers Read My Mind
41%
Battle Born 2 Weeks #78 The Killers Runaways
32%
Sawdust 1 Week #68 The Killers Shadowplay
18%
Non-Album Single 2 Weeks #54 The Killers ft. Toni Halliday A Great Big Sled
9%
Non-Album Single 1 Week #79 The Killers Boots
3%
No matching quizzes found
Score Distribution
Percent of People with Each Score
Percentile by Number Answered
Your Score History
You have not taken this quiz